À qui appartient ce blason ? - Statistiques

Statistiques générales
  • Ce quiz a été pris 19 fois
  • Le résultat moyen est 6 sur 28
Statistiques - réponses
Par images Réponse % Correct
Île de Man
89%
Érythrée
63%
Kenya
47%
Vatican
47%
Bolivie
42%
Cambodge
37%
Thaïlande
37%
Canada
32%
Chili
32%
Côte d’Ivoire
26%
Groenland
21%
Zimbabwe
21%
Bahamas
11%
Ouganda
11%
Turkménistan
11%
Barbade
5%
Grenade
5%
Îles Canaries
5%
Malaisie
5%
Papouasie-Nouvelle-Guinée
5%
Porto Rico
5%
Sainte-Lucie
5%
Géorgie du Sud et Île Sandwich du Sud
0%
Guyana
0%
Jamaique
0%
Maurice
0%
Seychelles
0%
Territoire britannique de l’océan Indien
0%
Aucun quiz correspondant
Distribution des résultats
% des personnes avec chaque résultat
Percentile par nombre de réponses
Votre historique - résultats
Vous n’avez pas pris ce quiz